000 00337nam a22001457a 4500
008 210308b ||||| |||| 00| 0 eng d
020 _a9780538480949
041 _aeng
080 _a330.722.6
082 _a330.722.6
100 _a62
101 _aKF
245 _aFiancial & Managerial Accounting
_cWarren & Reeve
942 _2udc
_cBK
999 _c55915
_d55915